Районы Минска - Statistics

General Stats
  • This quiz has been taken 49 times
  • The average score is 6 of 9
Answer Stats
Район % Correct
Название Фрунзенский
82%
Название Центральный
79%
Название Московский
71%
Название Заводской
68%
Название Советский
66%
Название Ленинский
66%
Название Партизанский
63%
Название Октябрьский
55%
Нзвание Первомайский
45%
No matching quizzes found
Score Distribution
Percent of People with Each Score
Percentile by Number Answered
Your Score History
You have not taken this quiz